Đánh giá tiềm năng và đề xuất giải pháp áp dụng sản xuất sạch hơn tại công ty TNHH Việt Phúc Hưng

Chuyên ngành: Quản lý tài nguyên và Môi trường; Ý kiến về việc sao chép tài liệu: 30%; Ý kiến về việc chuyển dạng tài liệu ( từ giấy sang điện tử): đồng ý; TM tài liệu tham khảo sau phần kết luận; Khóa luận tốt nghiệp ĐH Thủ Dầu Mộ...

Full description

Saved in:
Bibliographic Details
Main Author: Nguyễn, Triệu Hoàng Quyên
Other Authors: Nguyễn Thanh Quang
Format: Book
Language:Undetermined
Published: Bình Dương 2017
Subjects:
Online Access:http://lrc.tdmu.edu.vn/opac/search/detail.asp?aID=2&ID=31273
Tags: Add Tag
No Tags, Be the first to tag this record!
Institutions: Trung tâm Học liệu Trường Đại học Thủ Dầu Một
LEADER 01698nam a2200205Ia 4500
001 TDMU_31273
008 210410s9999 xx 000 0 und d
082 |a 711.7 
090 |b NG527 
100 |a Nguyễn, Triệu Hoàng Quyên 
245 0 |a Đánh giá tiềm năng và đề xuất giải pháp áp dụng sản xuất sạch hơn tại công ty TNHH Việt Phúc Hưng 
245 0 |c Nguyễn Triệu Hoàng Quyên; ThS. Nguyễn Thanh Quang(hướng dẫn) 
260 |a Bình Dương 
260 |c 2017 
300 |a 123tr 
520 |a Chuyên ngành: Quản lý tài nguyên và Môi trường; Ý kiến về việc sao chép tài liệu: 30%; Ý kiến về việc chuyển dạng tài liệu ( từ giấy sang điện tử): đồng ý; TM tài liệu tham khảo sau phần kết luận; Khóa luận tốt nghiệp ĐH Thủ Dầu Một, 2017; Luận văn gồm 4 phần. Phần 1 Tổng quan về cơ sở lý thuyết và thực tiễn của đề tài; Phần 2 Nội dung và phương pháp nghiên cứu; Phần 3 Kết quả và thảo luận; Phần 4 Kết luận và kiến nghị 
650 |a Khóa luận; Môi trường  |x Xử lý chất thải  |x Chất thải công nghiệp  |z Bình Dương; Chất thải công nghiệp  |x Sản xuất Gỗ  |z Công ty TNHH Việt Phúc Hưng (Bình Dương) 
700 |a Nguyễn Thanh Quang 
856 |u http://lrc.tdmu.edu.vn/opac/search/detail.asp?aID=2&ID=31273 
980 |a Trung tâm Học liệu Trường Đại học Thủ Dầu Một